000 00547nam a2200217Ia 4500
999 _c2599
_d2599
003 0100
008 130227s9999 xx 000 0 und d
040 _cARRUPELIB
050 _aB804.R869 2008
245 4 _aThe Routledge companion to twentieth century philosophy
260 _bRoutledge
_aLondon
_c2008
300 _a1024p.
300 _b 23 cm
440 _aRoutledge philosophy companions
_92900
650 _aPhilosophy, Modern
_x20th century
_933052
700 _aMoran, Dermot (ed.)
_933424
942 _2lcc
_02
_cMONOGRAPH